|
|
|
|
| LEADER |
04294nam a2201021 i 4500 |
| 001 |
nkc20172902538 |
| 003 |
CZ PrNK |
| 005 |
20170727082044.0 |
| 007 |
ta |
| 008 |
170608s2017 xr c e 001 0bcze |
| 015 |
|
|
|a cnb002902538
|
| 020 |
|
|
|a 978-80-244-5144-2
|q (brožováno)
|
| 035 |
|
|
|a (OCoLC)1000503648
|
| 040 |
|
|
|a ABA001
|b cze
|d BOA001
|e rda
|
| 041 |
0 |
|
|a cze
|b eng
|
| 043 |
|
|
|a e-xr---
|
| 045 |
|
|
|a w6x3
|
| 072 |
|
7 |
|a 27
|x Křesťanství. Křesťanská církev všeobecně. Eklesiologie
|2 Konspekt
|9 5
|
| 072 |
|
7 |
|a 929
|x Biografie
|2 Konspekt
|9 8
|
| 080 |
|
|
|a 929
|2 MRF
|
| 080 |
|
|
|a 272-722.53
|2 MRF
|
| 080 |
|
|
|a 821.162.3-051
|2 MRF
|
| 080 |
|
|
|a 316.344.32
|2 MRF
|
| 080 |
|
|
|a 32-051
|2 MRF
|
| 080 |
|
|
|a 2:316.644
|2 MRF
|
| 080 |
|
|
|a 27-7-028.79
|2 MRF
|
| 080 |
|
|
|a 2-64-722
|2 MRF
|
| 080 |
|
|
|a 272-662:304.444
|2 MRF
|
| 080 |
|
|
|a 329.63:338.43
|2 MRF
|
| 080 |
|
|
|a 271/279
|2 MRF
|
| 080 |
|
|
|a 322:27-67
|2 MRF
|
| 080 |
|
|
|a (437.3)
|2 MRF
|
| 080 |
|
|
|a (048.8)
|2 MRF
|
| 080 |
|
|
|a (092)
|2 MRF
|
| 100 |
1 |
|
|a Marek, Pavel,
|d 1949-
|7 jk01080147
|4 aut
|
| 245 |
1 |
0 |
|a Bratři Bohumil a Isidor Zahradníkovi :
|b dva kněžské osudy na přelomu 19. a 20. století /
|c Pavel Marek
|
| 250 |
|
|
|a 1. vydání
|
| 264 |
|
1 |
|a Olomouc :
|b Univerzita Palackého v Olomouci, Filozofická fakulta,
|c 2017
|
| 300 |
|
|
|a 128 stran :
|b portréty ;
|c 21 cm
|
| 336 |
|
|
|a text
|b txt
|2 rdacontent
|
| 337 |
|
|
|a bez média
|b n
|2 rdamedia
|
| 338 |
|
|
|a svazek
|b nc
|2 rdacarrier
|
| 490 |
1 |
|
|a Monografie
|
| 500 |
|
|
|a Na obálce: Centrum DKP
|
| 504 |
|
|
|a Obsahuje bibliografie, bibliografické odkazy a rejstřík
|
| 546 |
|
|
|a Anglické resumé
|
| 600 |
1 |
7 |
|a Zahradník-Brodský, Bohumil,
|d 1862-1939
|7 jk01151969
|2 czenas
|
| 600 |
1 |
7 |
|a Zahradník, Bohdan,
|d 1864-1926
|7 jk01151950
|2 czenas
|
| 610 |
2 |
7 |
|a Katolická církev
|7 kn20010710145
|2 czenas
|
| 610 |
2 |
7 |
|a Církev československá husitská
|7 kn20010710457
|2 czenas
|
| 610 |
2 |
7 |
|a Pravoslavná církev v českých zemích
|7 ko2002147982
|2 czenas
|
| 648 |
|
7 |
|a 19.-20. století
|7 ch757015
|2 czenas
|
| 648 |
|
7 |
|a 1921-1930
|7 ch460580
|2 czenas
|
| 648 |
|
4 |
|a 1862-1939
|
| 648 |
|
4 |
|a 1864-1926
|
| 650 |
0 |
7 |
|a katoličtí kněží
|7 ph114899
|z Česko
|y 19.-20. století
|2 czenas
|
| 650 |
0 |
7 |
|a čeští spisovatelé
|7 ph128175
|y 19.-20. století
|2 czenas
|
| 650 |
0 |
7 |
|a intelektuálové
|7 ph121139
|z Česko
|y 19.-20. století
|2 czenas
|
| 650 |
0 |
7 |
|a politici
|7 ph115781
|z Česko
|y 19.-20. století
|2 czenas
|
| 650 |
0 |
7 |
|a náboženské názory a postoje
|7 ph137982
|z Česko
|y 19.-20. století
|2 czenas
|
| 650 |
0 |
7 |
|a reforma církve
|7 ph281880
|z Česko
|y 19.-20. století
|2 czenas
|
| 650 |
0 |
7 |
|a změna vyznání
|7 ph799434
|y 1921-1930
|2 czenas
|
| 650 |
0 |
7 |
|a sociální katolicismus
|7 ph953333
|z Česko
|y 19.-20. století
|2 czenas
|
| 650 |
0 |
7 |
|a agrarismus
|7 ph137680
|z Česko
|y 19.-20. století
|2 czenas
|
| 650 |
0 |
7 |
|a křesťanské církve
|7 ph122117
|z Česko
|y 19.-20. století
|2 czenas
|
| 650 |
0 |
7 |
|a křesťanství a politika
|7 ph417914
|z Česko
|y 19.-20. století
|2 czenas
|
| 650 |
0 |
9 |
|a Catholic priests
|z Czechia
|y 19th-20th centuries
|2 eczenas
|
| 650 |
0 |
9 |
|a Czech authors
|y 19th-20th centuries
|2 eczenas
|
| 650 |
0 |
9 |
|a intellectuals
|z Czechia
|y 19th-20th centuries
|2 eczenas
|
| 650 |
0 |
9 |
|a politicians
|z Czechia
|y 19th-20th centuries
|2 eczenas
|
| 650 |
0 |
9 |
|a religious views and attitudes
|z Czechia
|y 19th-20th centuries
|2 eczenas
|
| 650 |
0 |
9 |
|a reform of the church
|z Czechia
|y 19th-20th centuries
|2 eczenas
|
| 650 |
0 |
9 |
|a change of religion
|y 1921-1930
|2 eczenas
|
| 650 |
0 |
9 |
|a social Catholicism
|z Czechia
|y 19th-20th centuries
|2 eczenas
|
| 650 |
0 |
9 |
|a Agrarism
|z Czechia
|y 19th-20th centuries
|2 eczenas
|
| 650 |
0 |
9 |
|a Christian churches
|z Czechia
|y 19th-20th centuries
|2 eczenas
|
| 650 |
0 |
9 |
|a Christianity and politics
|z Czechia
|y 19th-20th centuries
|2 eczenas
|
| 655 |
|
7 |
|a monografie
|7 fd132842
|2 czenas
|
| 655 |
|
7 |
|a biografie
|7 fd131909
|2 czenas
|
| 655 |
|
9 |
|a monographs
|2 eczenas
|
| 655 |
|
9 |
|a biography
|2 eczenas
|
| 710 |
2 |
|
|a Univerzita Palackého.
|b Centrum dějin křesťanské politiky
|7 kn20100421004
|4 isb
|
| 810 |
2 |
|
|a Univerzita Palackého.
|t Monografie
|0 s
|
| 910 |
2 |
|
|a BOA001
|b 2-1391.551
|
| 990 |
|
|
|a BK
|
| 995 |
|
|
|a 01
|
| 991 |
|
|
|b 201707
|c NOV
|
| 996 |
6 |
|
|b 2610713360
|c 2-1391.551
|l MZK
|r Sklad / do 1 hodiny
|n 0
|p p.v.
|w 001619780
|u 000010
|a 1
|e BOA001
|j MZK50
|s P
|